000 00409nam a2200181Ia 4500
008 221030s9999 xx 000 0 und d
020 _a0070402671
041 _aEnglish
082 _a105.23
_bDav
100 _aG.B. Davis
245 0 _aManagement Information Systems
250 _a2nd
260 _bTMH
_aNew Delhi
_c2006
300 _a693
650 _aComputers
700 _aM. H. Olson
942 _cBK
999 _c3102
_d3102